[Event "Mittelfrank Regionalliga Sud-West 2122"]
[Site "Mittelfranken"]
[Date "2022.05.15"]
[Round "5.1"]
[White "Mueller, Philipp"]
[Black "Bergauz, Avigdor"]
[Result "1/2-1/2"]
[WhiteElo "1935"]
[BlackElo "2156"]
[PlyCount "114"]
[EventDate "2021.10.24"]
[EventType "team-tourn"]
[EventRounds "9"]
[EventCountry "GER"]
[SourceTitle "EXT 2024"]
[Source "ChessBase"]
[SourceDate "2023.10.10"]
[SourceVersion "1"]
[SourceVersionDate "2023.10.10"]
[SourceQuality "1"]
[WhiteTeam "Augsburg Rochade"]
[BlackTeam "Muenchen Suedost II"]
[WhiteTeamCountry "GER"]
[BlackTeamCountry "GER"]

1. c4 Nf6 2. g3 g6 3. Bg2 Bg7 4. Nc3 0-0 5. d3 c6 6. e4 d6 7. Nge2 Bd7 8. 0-0 Qc8 9. Rb1 a6 10. Na4 Qd8 11. Be3 b5 12. Nb6 Ra7 13. h3 Rb7 14. Nxd7 Nfxd7 15. Qd2 a5 16. f4 bxc4 17. dxc4 Qc7 18. Nd4 a4 19. Bf3 Re8 20. Ne2 Na6 21. Kg2 Nac5 22. Bd4 Reb8 23. Bxg7 Kxg7 24. h4 h5 25. f5 Nf6 26. Qc3 Kh7 27. fxg6+ fxg6 28. Nf4 e5 29. Nh3 Ncxe4 30. Ng5+ Nxg5 31. hxg5 Ng4 32. Bxg4 hxg4 33. Rf6 Qe7 34. b4 axb3 35. axb3 Kg7 36. c5 d5 37. Rxc6 Qxg5 38. Re6 d4 39. Qe1 Re7 40. Rxe7+ Qxe7 41. c6 Qc5 42. Qe4 Rc8 43. Re1 Kf6 44. Rf1+ Ke7 45. Re1 Rxc6 46. Qxe5+ Qxe5 47. Rxe5+ Kd6 48. Rg5 Rc2+ 49. Kf1 Rc3 50. Rxg6+ Ke5 51. Rxg4 Rxb3 52. Ke2 Rb2+ 53. Kd3 Rb3+ 54. Kd2 Kd5 55. Rg8 Rb2+ 56. Kd3 Rb3+ 57. Kd2 Rb2+ 1/2-1/2

[Event "Oberliga Bayern 1920"]
[Site "Bayern"]
[Date "2020.02.09"]
[Round "6.5"]
[White "De Francesco, Klaus"]
[Black "Bergauz, Avigdor"]
[Result "1-0"]
[WhiteElo "2231"]
[BlackElo "2157"]
[PlyCount "107"]
[EventDate "2019.10.20"]
[EventType "team-tourn"]
[EventRounds "9"]
[EventCountry "GER"]
[SourceTitle "EXT 2022"]
[Source "ChessBase"]
[SourceDate "2021.10.06"]
[SourceVersion "1"]
[SourceVersionDate "2021.10.06"]
[SourceQuality "1"]
[WhiteTeam "Weilheim"]
[BlackTeam "Muenchen Suedost"]
[WhiteTeamCountry "GER"]
[BlackTeamCountry "GER"]

1. d4 d6 2. Bf4 Nf6 3. e3 g6 4. h3 Bg7 5. Nf3 0-0 6. Be2 c5 7. c3 b6 8. 0-0 Bb7 9. a4 a6 10. Na3 Nbd7 11. Bh2 Re8 12. Qb3 Qc8 13. Rad1 cxd4 14. exd4 Bd5 15. c4 Bc6 16. Nc2 e5 17. Nb4 exd4 18. Nxc6 Nc5 19. Qxb6 Nfd7 20. Qb4 Qxc6 21. Rfe1 Rab8 22. Qd2 Ne6 23. b4 a5 24. b5 Qc7 25. Ng5 Ndc5 26. Nxe6 fxe6 27. Bf3 Nxa4 28. Bc6 Nc3 29. Rc1 Re7 30. c5 Be5 31. f4 dxc5 32. Rxe5 Qb6 33. Kh1 Rc8 34. Qd3 Na2 35. Rcxc5 Nb4 36. Qc4 d3 37. Rxe6 Qxc5 38. Qxc5 Rxe6 39. Qd4 Nxc6 40. bxc6 Rcxc6 41. f5 Re1+ 42. Bg1 Rcc1 43. Qd8+ Kf7 44. Qd7+ Kf6 45. Kh2 Rxg1 46. Qe6+ Kg5 47. Kg3 Rce1 48. h4+ Kh6 49. Qd6 Rgf1 50. f6 Rf5 51. Kh3 Re3+ 52. g3 Rff3 53. Qf8+ Kh5 54. Qc5+ 1-0

[Event "Oberliga Bayern 1819"]
[Site "Bayern"]
[Date "2019.03.24"]
[Round "8.5"]
[White "Bergauz, Avigdor"]
[Black "Krstic, Petar"]
[Result "1-0"]
[WhiteElo "2199"]
[BlackElo "2324"]
[PlyCount "83"]
[EventDate "2018.10.21"]
[EventType "team-tourn"]
[EventRounds "9"]
[EventCountry "GER"]
[SourceTitle "EXT 2020"]
[Source "ChessBase"]
[SourceDate "2019.10.17"]
[SourceVersion "1"]
[SourceVersionDate "2019.10.17"]
[SourceQuality "1"]
[WhiteTeam "Muenchen Suedost"]
[BlackTeam "Deggendorf"]
[WhiteTeamCountry "GER"]
[BlackTeamCountry "GER"]

1. c4 Nf6 2. Nc3 e6 3. e4 d5 4. e5 d4 5. exf6 dxc3 6. bxc3 Qxf6 7. d4 b6 8. Nf3 Bb7 9. Be2 Bd6 10. Bg5 Qf5 11. Qd2 h6 12. Be3 Nd7 13. h3 Rd8 14. a4 Qa5 15. 0-0 Nf6 16. Qb2 0-0 17. Qb5 Qxc3 18. Rfc1 Qa5 19. c5 Be7 20. Qb2 Ne4 21. Ne5 Bd5 22. Bc4 Bf6 23. Bxd5 exd5 24. Nc6 Qa6 25. Nxd8 Rxd8 26. cxb6 cxb6 27. Qb5 Qxb5 28. axb5 Nd6 29. Rxa7 Nxb5 30. Ra4 Nd6 31. Rca1 Kf8 32. Kf1 Ke7 33. Ke2 Rc8 34. Kd3 Nc4 35. Ra7+ Ke6 36. R1a2 Be7 37. Bxh6 gxh6 38. Re2+ Kf6 39. Rexe7 Nb2+ 40. Ke3 Nc4+ 41. Kf3 Nd6 42. Rec7 1-0

[Event "Oberliga Bayern 1819"]
[Site "Bayern"]
[Date "2019.02.03"]
[Round "6.6"]
[White "Lentrodt, Thomas"]
[Black "Bergauz, Avigdor"]
[Result "1-0"]
[WhiteElo "2262"]
[BlackElo "2199"]
[PlyCount "83"]
[EventDate "2018.10.21"]
[EventType "team-tourn"]
[EventRounds "9"]
[EventCountry "GER"]
[SourceTitle "EXT 2020"]
[Source "ChessBase"]
[SourceDate "2019.10.17"]
[SourceVersion "1"]
[SourceVersionDate "2019.10.17"]
[SourceQuality "1"]
[WhiteTeam "Bayern Muenchen II"]
[BlackTeam "Muenchen Suedost"]
[WhiteTeamCountry "GER"]
[BlackTeamCountry "GER"]

1. d4 Nf6 2. c4 g6 3. Nc3 Bg7 4. e4 d6 5. Be2 0-0 6. Nf3 Bg4 7. Ng1 Bxe2 8. Ngxe2 c5 9. d5 e6 10. 0-0 exd5 11. exd5 Re8 12. Ng3 Nfd7 13. Bd2 Na6 14. Nge4 Ne5 15. b3 f5 16. Ng5 Nc7 17. Qc2 Qd7 18. Rae1 h6 19. Nh3 a6 20. a4 Qf7 21. a5 Rab8 22. Na4 Nd7 23. b4 cxb4 24. Bxb4 Be5 25. Kh1 f4 26. f3 b5 27. axb6 Nxb6 28. Nxb6 Rxb6 29. Ba5 Rb2 30. Qa4 Re7 31. Nf2 Qf5 32. Ng4 Qg5 33. Rf2 h5 34. Rxb2 Bxb2 35. Nf2 Rxe1+ 36. Bxe1 Qe7 37. Ne4 Be5 38. Qc6 Ne8 39. c5 Kf7 40. Bb4 dxc5 41. Bxc5 Qc7 42. Qe6+ 1-0

[Event "Pfalz op-A 8th"]
[Site "Neustadt an der Weinstrasse"]
[Date "2017.02.27"]
[Round "6"]
[White "Colpe, Malte"]
[Black "Bergauz, Avigdor"]
[Result "1/2-1/2"]
[WhiteElo "2408"]
[BlackElo "2105"]
[PlyCount "138"]
[EventDate "2017.02.24"]
[EventType "swiss"]
[EventRounds "9"]
[EventCountry "GER"]
[SourceTitle "CBM 177 Extra"]
[Source "ChessBase"]
[SourceDate "2017.04.27"]
[SourceVersion "1"]
[SourceVersionDate "2017.04.27"]
[SourceQuality "1"]

1. d4 d5 2. Bf4 Nf6 3. e3 g6 4. Nf3 Bg7 5. Be2 0-0 6. 0-0 c5 7. c3 b6 8. Ne5 Bb7 9. Nd2 Nbd7 10. a4 a6 11. Bf3 e6 12. a5 cxd4 13. cxd4 Nxe5 14. Bxe5 Nd7 15. Bd6 Re8 16. Qb3 b5 17. Rfc1 Rc8 18. Qa3 e5 19. Rxc8 Qxc8 20. Nb3 Qc4 21. Rc1 Qd3 22. g3 e4 23. Bg4 f5 24. Rc3 Qb1+ 25. Rc1 Qd3 26. Bh3 Rc8 27. Bc7 Bf8 28. Qa2 Qe2 29. Bf1 Qh5 30. Qb1 Qg5 31. Rc2 Qe7 32. Qc1 Qe6 33. Be2 Be7 34. h3 h5 35. Kg2 Kg7 36. f4 Kf7 37. Qd1 Bd6 38. Bxd6 Qxd6 39. Rxc8 Bxc8 40. g4 hxg4 41. hxg4 fxg4 42. Bxg4 Qc7 43. Qc1 Qc4 44. Qxc4 bxc4 45. Bxd7 Bxd7 46. Nc5 Bc8 47. Kg3 Ke7 48. Kh4 Kf6 49. Na4 Kf5 50. Nb6 Be6 51. Na4 Kf6 52. Nc3 Kf5 53. Kg3 Kf6 54. Kf2 Kf5 55. Kg3 Kf6 56. Na2 Bc8 57. Nb4 Bb7 58. Nc2 Bc8 59. Ne1 Be6 60. Ng2 Kf5 61. Nh4+ Kf6 62. Kf2 Bd7 63. Ke2 Bh3 64. Kf2 Bd7 65. Ng2 Kf5 66. Kg3 Kf6 67. Ne1 Ba4 68. Kg4 Bd7+ 69. Kh4 Ba4 1/2-1/2

[Event "Vellmar op 8th"]
[Site "Vellmar"]
[Date "2016.07.30"]
[Round "5"]
[White "Bergauz, Avigdor"]
[Black "Cai, Zhuoran"]
[Result "1/2-1/2"]
[WhiteElo "2153"]
[BlackElo "1898"]
[PlyCount "69"]
[EventDate "2016.07.28"]
[EventType "swiss"]
[EventRounds "7"]
[EventCountry "GER"]
[SourceTitle "CBM 173 Extra"]
[Source "ChessBase"]
[SourceDate "2016.08.29"]
[SourceVersion "1"]
[SourceVersionDate "2016.08.29"]
[SourceQuality "1"]

1. c4 Nf6 2. Nc3 g6 3. g3 Bg7 4. Bg2 0-0 5. e3 c6 6. Nge2 d5 7. d4 dxc4 8. a4 Na6 9. 0-0 Nb4 10. a5 Nd3 11. a6 Qc7 12. axb7 Bxb7 13. Qa4 c5 14. d5 Nb4 15. e4 Qd7 16. Qa5 Rfc8 17. Nf4 Nd3 18. Bh3 Qd8 19. Bxc8 Qxc8 20. Kg2 Ng4 21. Qb5 Nge5 22. Nxd3 cxd3 23. f4 a6 24. Qa5 Nc4 25. Qa4 Nd6 26. e5 Nb5 27. Qc4 Nxc3 28. bxc3 Qe6 29. Qxd3 Bxd5+ 30. Kg1 Bc4 31. Qf3 Rd8 32. Rd1 Rxd1+ 33. Qxd1 f6 34. Rb1 Bb5 35. Be3 1/2-1/2

[Event "Staufer op-A 27th"]
[Site "Schwaebisch Gmuend"]
[Date "2015.01.05"]
[Round "7"]
[White "Bergauz, Avigdor"]
[Black "Arndt, Uwe"]
[Result "1-0"]
[WhiteElo "2146"]
[BlackElo "1989"]
[PlyCount "53"]
[EventDate "2015.01.02"]
[EventType "swiss"]
[EventRounds "9"]
[EventCountry "GER"]
[SourceTitle "CBM 164 Extra"]
[Source "ChessBase"]
[SourceDate "2015.03.02"]
[SourceVersion "1"]
[SourceVersionDate "2015.03.02"]
[SourceQuality "1"]

1. c4 e6 2. g3 d5 3. Bg2 Nf6 4. Nf3 dxc4 5. Qa4+ c6 6. Qxc4 b5 7. Qc2 Bb7 8. 0-0 c5 9. a4 a6 10. axb5 axb5 11. Rxa8 Bxa8 12. Na3 Qb6 13. Qb3 Bc6 14. Ne5 Bxg2 15. Kxg2 Qb7+ 16. Kg1 b4 17. Qa4+ Nbd7 18. Nac4 Be7 19. Nc6 Nd5 20. e4 N5b6 21. Qb5 Qc7 22. d3 Nxc4 23. dxc4 Bd6 24. e5 Bxe5 25. Nxe5 Qxe5 26. Rd1 Qb8 27. Qxd7+ 1-0

[Event "Landesliga Sued 1213"]
[Site "Bayern"]
[Date "2013.04.14"]
[Round "9.5"]
[White "Wagner, Hans2"]
[Black "Bergauz, Avigdor"]
[Result "1/2-1/2"]
[WhiteElo "2147"]
[BlackElo "2182"]
[PlyCount "36"]
[EventDate "2012.10.14"]
[EventType "team-tourn"]
[EventRounds "9"]
[EventCountry "GER"]
[SourceTitle "EXT 2015"]
[Source "ChessBase"]
[SourceDate "2014.11.20"]
[SourceVersion "1"]
[SourceVersionDate "2014.11.20"]
[SourceQuality "1"]
[WhiteTeam "Rottal"]
[BlackTeam "Muenchen Suedost"]
[WhiteTeamCountry "GER"]
[BlackTeamCountry "GER"]

1. d4 Nf6 2. c4 g6 3. Nc3 Bg7 4. g3 0-0 5. Bg2 d6 6. Nf3 Nc6 7. 0-0 e5 8. d5 Ne7 9. e4 Nd7 10. Ne1 f5 11. Nd3 Nf6 12. f4 Nxe4 13. Nxe4 fxe4 14. Bxe4 exf4 15. Bxf4 Bh3 16. Bg2 Bxg2 17. Kxg2 Nf5 18. Qd2 Qd7 1/2-1/2

[Event "Landesliga Sued 1213"]
[Site "Bayern"]
[Date "2013.02.03"]
[Round "6.4"]
[White "Jussupow, Nadejda"]
[Black "Bergauz, Avigdor"]
[Result "1/2-1/2"]
[WhiteElo "2081"]
[BlackElo "2182"]
[PlyCount "147"]
[EventDate "2012.10.14"]
[EventType "team-tourn"]
[EventRounds "9"]
[EventCountry "GER"]
[SourceTitle "EXT 2015"]
[Source "ChessBase"]
[SourceDate "2014.11.20"]
[SourceVersion "1"]
[SourceVersionDate "2014.11.20"]
[SourceQuality "1"]
[WhiteTeam "Krumbach"]
[BlackTeam "Muenchen Suedost"]
[WhiteTeamCountry "GER"]
[BlackTeamCountry "GER"]

1. e4 c6 2. d4 d5 3. Nd2 dxe4 4. Nxe4 Nd7 5. Nf3 Ngf6 6. Ng3 e6 7. Bd3 Bd6 8. 0-0 0-0 9. Re1 c5 10. c3 Qc7 11. Bg5 Bf4 12. Ne4 Bxg5 13. Nfxg5 b6 14. Qf3 Bb7 15. Qh3 h6 16. Nxf6+ Nxf6 17. Ne4 Nxe4 18. Bxe4 cxd4 19. Bxb7 Qxb7 20. cxd4 Rfd8 21. Rad1 Rd5 22. Re5 Rad8 23. Rxd5 Qxd5 24. Qa3 Rd7 25. Qc3 e5 26. Qc8+ Kh7 27. Qc2+ g6 28. b3 exd4 29. Qd3 Qc5 30. h3 Kg7 31. Kf1 h5 32. Kg1 Kh7 33. Kf1 b5 34. Kg1 b4 35. Qc4 Qxc4 36. bxc4 Kg7 37. Kf1 d3 38. Ke1 Rd4 39. Kd2 Rxc4 40. Kxd3 Rc3+ 41. Ke2 a5 42. Rd3 Rc1 43. Rd1 Rc5 44. Rd6 a4 45. Kd2 Rf5 46. f3 h4 47. Rd4 Rg5 48. Rxb4 Rxg2+ 49. Ke3 Rxa2 50. Rxh4 g5 51. Rg4 Kf6 52. f4 gxf4+ 53. Rxf4+ Kg6 54. h4 f5 55. Rb4 a3 56. Ra4 Rh2 57. Ra6+ Kh5 58. Kf4 Rf2+ 59. Kg3 Ra2 60. Ra5 Kg6 61. h5+ Kg5 62. h6 Ra1 63. h7 Rh1 64. Rxa3 Rxh7 65. Kf2 Rh2+ 66. Kf1 Kg4 67. Ra4+ f4 68. Ra3 Rb2 69. Rc3 Rb1+ 70. Kf2 Ra1 71. Rb3 Ra5 72. Rc3 Rh5 73. Ra3 Rh2+ 74. Kf1 1/2-1/2

[Event "Regionalliga SW 1112"]
[Site "Bayern"]
[Date "2012.02.05"]
[Round "6.5"]
[White "Baumgartl, Heinz"]
[Black "Bergauz, Avigdor"]
[Result "0-1"]
[WhiteElo "1822"]
[BlackElo "2131"]
[PlyCount "80"]
[EventDate "2011.10.02"]
[EventType "team-tourn"]
[EventRounds "9"]
[EventCountry "GER"]
[SourceTitle "EXT 2013"]
[Source "ChessBase"]
[SourceDate "2012.11.22"]
[SourceVersion "1"]
[SourceVersionDate "2012.11.22"]
[SourceQuality "1"]
[WhiteTeam "Schwabing SG Nord"]
[BlackTeam "Muenchen Suedost"]
[WhiteTeamCountry "GER"]
[BlackTeamCountry "GER"]

1. e4 c6 2. d4 d5 3. e5 Bf5 4. Nd2 e6 5. Nb3 Nd7 6. f4 h5 7. Nf3 Ne7 8. Be2 Bg4 9. Be3 Nf5 10. Bf2 Rc8 11. 0-0 g6 12. c3 a6 13. Nbd2 c5 14. h3 Bxf3 15. Nxf3 Be7 16. Qd2 Qa5 17. Bd3 cxd4 18. cxd4 Qxd2 19. Nxd2 Nb6 20. Rfc1 Kd7 21. Kf1 Na4 22. Rxc8 Rxc8 23. Rb1 Bd8 24. Ke2 Bb6 25. Nb3 Ne7 26. g4 hxg4 27. hxg4 Rh8 28. Nc5+ Bxc5 29. dxc5 Rc8 30. Rc1 Nxb2 31. Rb1 Nxd3 32. Rxb7+ Rc7 33. Rxc7+ Kxc7 34. Kxd3 Nc6 35. Be1 g5 36. Bd2 gxf4 37. Bxf4 Nb8 38. Bd2 Kc6 39. Kd4 Kb5 40. a3 Nc6+ 0-1

[Event "Regionalliga SW 1112"]
[Site "Bayern"]
[Date "2011.11.20"]
[Round "3.5"]
[White "Bergauz, Avigdor"]
[Black "Fauth, Dietmar"]
[Result "1-0"]
[WhiteElo "2131"]
[BlackElo "2122"]
[PlyCount "89"]
[EventDate "2011.10.02"]
[EventType "team-tourn"]
[EventRounds "9"]
[EventCountry "GER"]
[SourceTitle "EXT 2013"]
[Source "ChessBase"]
[SourceDate "2012.11.22"]
[SourceVersion "1"]
[SourceVersionDate "2012.11.22"]
[SourceQuality "1"]
[WhiteTeam "Muenchen Suedost"]
[BlackTeam "Muenchen Siemens"]
[WhiteTeamCountry "GER"]
[BlackTeamCountry "GER"]

1. Nf3 c5 2. c4 Nc6 3. g3 e5 4. Nc3 g6 5. Bg2 Bg7 6. a3 Nge7 7. Rb1 0-0 8. 0-0 d6 9. d3 h6 10. b4 f5 11. Bd2 g5 12. Ne1 f4 13. Nc2 Rb8 14. Ne4 cxb4 15. axb4 Be6 16. b5 Nd4 17. Nxd4 exd4 18. Qa4 Qd7 19. Qa3 Be5 20. Bb4 Nf5 21. c5 d5 22. c6 bxc6 23. Bxf8 Rxf8 24. bxc6 Qxc6 25. Qc5 Qd7 26. Nd2 fxg3 27. hxg3 h5 28. Qb5 Qd6 29. Qb4 Qd8 30. Nf3 Bd6 31. Qb5 Qf6 32. Nd2 Qe5 33. Nf3 Qf6 34. Qc6 g4 35. Nh4 Nxh4 36. Qxd6 Nxg2 37. Kxg2 h4 38. gxh4 Kh8 39. Rb8 Rxb8 40. Qxb8+ Kh7 41. Qxa7+ Kg6 42. h5+ Kh6 43. Qc7 Bf7 44. Kg3 Kg5 45. f4+ 1-0